Normal view
MARC view
- Ali, Syed Asad
Entry Personal Name
001 - CONTROL NUMBER
- control field: 17287
003 - CONTROL NUMBER IDENTIFIER
- control field: NUST
005 - DATE AND TIME OF LATEST TRANSACTION
- control field: 20190710090903.0
008 - FIXED-LENGTH DATA ELEMENTS
- fixed length control field: 190710|| aca||aabn | a|a d
040 ## - CATALOGING SOURCE
- Original cataloging agency: NUST
- Transcribing agency: NUST
100 ## - HEADING--PERSONAL NAME
- Personal name: Ali, Syed Asad
670 ## - SOURCE DATA FOUND
- Source citation: Work cat.: (NUST): Ali, Syed Asad, Hindi Adb K Bhakti Kaal Per Muslim Siqafat kay Asraat /, 2009.
